A stitch in time: lean retailing and the transformation of manufacturing, lessons from the apparel and textile industries

Saved in:
Bibliografiske detaljer
Main Authors: Abernathy, Frederick H (Author), Dunlop, John T (Author), Hammond, Janice H (Author), Weil, David (Author)
Format: Bog
Sprog:engelsk
Udgivet: Nueva York Oxford University 1999
Fag:
Tags: Tilføj Tag
Ingen Tags, Vær først til at tagge denne postø!

MARC

LEADER 00000nam a2200000 a 4500
001 UCN0122
003 CL-VaPUC
008 010316e19990000US |||||||||||||||||eng|d
082 0 4 |a 687.0668  |b ABE  |2 21 
100 0 |a Abernathy, Frederick H  |e author  |9 455393 
700 0 |a Dunlop, John T  |e author  |9 455394 
700 0 |a Hammond, Janice H  |e author  |9 455395 
700 0 |a Weil, David  |e author  |9 455396 
245 1 2 |a A stitch in time: lean retailing and the transformation of manufacturing, lessons from the apparel and textile industries 
300 |a 368 p 
942 |c BK 
945 |d 20010316 00:00:00  |a cmena 
260 |a Nueva York  |b Oxford University  |c 1999 
650 0 |a Vestuario  |9 389590 
650 7 |a INDUSTRIAS MANUFACTURERAS  |2 CL-VaPUC  |9 360402 
650 0 |a Gestión de la información   |9 362327 
650 0 |a Comercialización   |9 259326 
651 0 |a Estados Unidos  |9 255178 
583 |a last modification  |c 20010316 00:00:00  |k Rodrigo Vera 
999 |c 294063  |d 294061 
952 |0 0  |1 0  |4 0  |6 687_066800000000000_ABE_1999  |7 0  |8 A  |9 345910  |a BIBING  |b BIBING  |d 2019-11-20  |i 3681750  |o 687.0668 ABE 1999  |p 3681750  |r 2025-01-20  |w 2019-11-20  |y BK  |k EII